000 00785nam a2200205Ia 4500
999 _c45511
_d45511
001 12336
003 GE_BSU
005 20240705151612.0
008 181216s2014||||ge |||||||||||||| ||geo||
020 _a9789941060977
040 _cGE_BSU
041 _ageo
080 _a791.43 ჟ-86
100 _aჟღენტი, ოლიკო
_922736
245 _aბათუმი კინოში = Batumi in Cinema /
_cპროექტის და წიგნის ავტორი ოლიკო ჟღენტი,The project and the book written by Olga Zhgenti.
264 _aბათუმი :
_b[?],
_c2014.
300 _a471გვ. :
_bილ. დისკით ;
_c25 სმ.
653 _aბათუმი კინოში = Batumi in Cinema
942 _cBK
_2udc